00466nam a2200169Ia 450000500170000000800410001702000150005808200130007310000130008624500210009926000350012030000130015565000120016894200060018095200950018699900150028120241113061815.0240331s9999 xx 000 0 und d a0140255621 bMULa823 aMuller,C 0aColombobA Novel aNew DelhibPenguin Booksc1995 a481 p ., aA Novel cL 001040708LaWERCLbWERCLcSSCd2024-03-31l0o 823 MULp6606r2024-03-31w2024-03-31yL c5383d5383